Inazuma Eleven : Techniques de Shawn Frost - Statistiques

Statistiques générales
  • Ce quiz a été pris 32 fois
  • Le résultat moyen est 9 sur 14
Statistiques - réponses
Type de quiz Technique Première utilisation % Correct
TIR Blizzard Éternel S2
96%
DEF Patinoire S2
96%
TIR Loup Légendaire S2
93%
DEF Ange des Neiges S3
86%
TIR Feu Glacé S2
86%
TIR La Terre S2
82%
TIR Ouragan S3
75%
TIR Big Bang S3
71%
TIR Blizzard de la Vouivre S2
71%
TIR Tir de la Génèse S3
71%
TIR Bête du Tonnerre S3
64%
TIR Triple Blizzard Ares
21%
TIR Front Froid Ares
14%
TIR Triangle de la Mort Ultime Film : Inazuma Eleven GO VS Danball Senki W
11%
Aucun quiz correspondant
Distribution des résultats
% des personnes avec chaque résultat
Percentile par nombre de réponses
Votre historique - résultats
Vous n’avez pas pris ce quiz